Civilizace na rozcestí společenské a lidské souvislosti vědeckotechnické revoluce
Uložené v:
| Hlavný autor: | |
|---|---|
| Médium: | Kniha |
| Jazyk: | Czech |
| Vydavateľské údaje: |
Praha
Svoboda
1969
|
| Vydanie: | 3. rozšíř. vyd. |
| Tagy: |
Žiadne tagy, Buďte prvý, kto otaguje tento záznam!
|
MARC
| LEADER | 00000nam a2200000 4500 | ||
|---|---|---|---|
| 001 | c131813 | ||
| 005 | 20230105083808.5 | ||
| 041 | 0 | |a cze | |
| 044 | |a CZ | ||
| 245 | 1 | 0 | |a Civilizace na rozcestí |b společenské a lidské souvislosti vědeckotechnické revoluce |c Radovan Richta a kol. |
| 250 | |a 3. rozšíř. vyd. | ||
| 264 | 1 | |a Praha |b Svoboda |c 1969 | |
| 300 | |a 412 s. | ||
| 100 | 1 | |a Richta, Radovan | |